[Event "Liberec Region-chT 2223"]
[Site "Czech Republic"]
[Date "2023.02.12"]
[Round "8.5"]
[White "Koudelka, Milos"]
[Black "Lesage, Milan"]
[Result "0-1"]
[WhiteElo "1643"]
[BlackElo "1879"]
[PlyCount "74"]
[EventDate "2022.10.09"]
[EventType "team-tourn"]
[EventRounds "11"]
[EventCountry "CZE"]
[SourceTitle "EXT 2024"]
[Source "ChessBase"]
[SourceDate "2023.10.10"]
[SourceVersion "1"]
[SourceVersionDate "2023.10.10"]
[SourceQuality "1"]

1. d4 d5 2. Bf4 Nf6 3. e3 e6 4. Nf3 Nbd7 5. Bd3 b6 6. Nbd2 Bb7 7. c3 Be7 8. Rc1 h6 9. h3 c5 10. b3 Ne4 11. Bb5 Nxd2 12. Qxd2 f6 13. Qc2 Kf7 14. Bd3 g5 15. Bg6+ Kg7 16. Bh5 Nf8 17. Bg3 Bc6 18. Bh2 Be8 19. Bxe8 Qxe8 20. Qe2 Ng6 21. Nd2 Qd7 22. Qh5 Bd6 23. g3 cxd4 24. exd4 Ba3 25. Rc2 Qb5 26. Qe2 Qxe2+ 27. Kxe2 Rac8 28. Rd1 Rc6 29. Nb1 Bb4 30. a3 Bd6 31. Kf1 a5 32. Re1 h5 33. Rce2 g4 34. hxg4 hxg4 35. Kg2 e5 36. Rh1 f5 37. Re3 Rhc8 0-1

[Event "Jesenik op"]
[Site "Jesenik"]
[Date "1999.??.??"]
[Round "?"]
[White "Lesage, Milan"]
[Black "Babusek, Miroslav"]
[Result "1-0"]
[WhiteElo "1825"]
[BlackElo "1975"]
[PlyCount "81"]
[EventDate "1999.??.??"]
[EventType "swiss"]
[EventRounds "9"]
[EventCountry "CZE"]
[SourceTitle "EXT 2000"]
[Source "ChessBase"]
[SourceDate "1999.11.16"]
[SourceVersion "1"]
[SourceVersionDate "1999.11.16"]
[SourceQuality "1"]

1. e4 c6 2. d4 d5 3. Nd2 dxe4 4. Nxe4 Nf6 5. Nxf6+ exf6 6. Nf3 Bd6 7. Be2 0-0 8. 0-0 Re8 9. Bd2 Nd7 10. c4 c5 11. Re1 Qc7 12. g3 Nf8 13. dxc5 Bxc5 14. b4 Bd6 15. c5 Be5 16. Nxe5 fxe5 17. Bf3 Bf5 18. Be4 Bxe4 19. Rxe4 Rad8 20. Qe1 Qc6 21. Rc4 Qd5 22. Rc2 Qd3 23. Rac1 Ne6 24. Be3 f5 25. c6 bxc6 26. Bxa7 Ng5 27. Qe2 Qd5 28. Qc4 Nf3+ 29. Kh1 e4 30. Qxc6 Qe5 31. Qc7 Qf6 32. Be3 g5 33. b5 Rd3 34. Qc6 Re6 35. Qa8+ Rd8 36. Qxd8+ Qxd8 37. Rc8 Re8 38. Rxd8 Rxd8 39. b6 Rd7 40. a4 Kf7 41. a5 1-0